| 000 | 00680 a2200253 4500 | ||
|---|---|---|---|
| 001 | 18137 | ||
| 999 |
_c18137 _d4841 |
||
| 003 | TR-AnTOB | ||
| 005 | 20240913073755.0 | ||
| 008 | 041121s1998 tu tur | ||
| 020 | _a9757429090 | ||
| 041 | _atur | ||
| 050 |
_aHG4026 _b.A44 1998 |
||
| 090 | _aHG4026 .A44 1998 | ||
| 100 | 1 |
_aAkgüç, Öztin, _d1934- _975749 |
|
| 245 | 0 |
_aFinansal yönetim / _cÖztin Akgüç. |
|
| 250 | _a7. bs. | ||
| 264 | 1 |
_aİstanbul : _bAvcıol Basım Yayın, _c1998 |
|
| 300 |
_a991 p. ; _c24 cm. |
||
| 500 |
_aBibliography: p. 969-976. _xIncludes index. |
||
| 650 | 7 |
_aTicari teşebbüsler _2etuturkob _99107 |
|
| 650 | 7 |
_aŞirketler _xFinans _2 _93697 |
|
| 902 | _a0005508 | ||
| 942 | _cBK | ||